| 000 | 00996nam a22002537i 4500 | ||
|---|---|---|---|
| 999 |
_c170405 _d170405 |
||
| 003 | PPAK | ||
| 005 | 20181203100229.0 | ||
| 008 | 181203t2018 my a|||g |||| 00| 0 eng d | ||
| 020 |
_a9781419729249 _cRM110.00 _qpaperback |
||
| 040 |
_aPPAK _beng _cPPAK _erda |
||
| 082 | 0 | 4 |
_223 _a751.422 |
| 090 | 0 | 0 |
_a751.422 _bPRO _dR |
| 100 | 1 |
_aProod, Sasha, _eauthor. _eillustrator. _edesign. |
|
| 245 | 1 | 0 |
_aWATERCOLOR WORKSHOP : _bLEARN TO PAINT IN 100 EXPERIMENTS / _cSASHA PROOD |
| 264 | 1 |
_aNew York : _bAbrams Noterie, and imprint of ABRAMS, _c[2018] |
|
| 264 | 4 | _c©2018 | |
| 300 |
_a256 pages : _billustrations (some color) ; _c20 cm |
||
| 336 |
_2rdacontent _atext |
||
| 337 |
_2rdamedia _aunmediated |
||
| 338 |
_2rdacarrier _avolume |
||
| 520 | _aLearn to paint contemporary designs with watercolors using this interactive sketchbook by Sasha Prood, featuring step-by-step tutorials, inspiring examples, and ample space to practice. | ||
| 650 | 1 | 0 |
_aWatercolor painting _vTechnique |
| 942 |
_2ddc _cB |
||